Process improvement : (Record no. 343313)

000 -LEADER
fixed length control field 00620 a2200181 4500
020 ## - INTERNATIONAL STANDARD BOOK NUMBER
International Standard Book Number 0566076330
020 ## - INTERNATIONAL STANDARD BOOK NUMBER
International Standard Book Number 9780566076336
082 04 - DEWEY DECIMAL CLASSIFICATION NUMBER
Classification number 658.4069
090 ## - LOCALLY ASSIGNED LC-TYPE CALL NUMBER (OCLC); LOCAL CALL NUMBER (RLIN)
-- 765
-- 765
100 1# - MAIN ENTRY--PERSONAL NAME
Personal name Cook, Sarah.
245 10 - TITLE STATEMENT
Title Process improvement :
Remainder of title a handbook for managers /
Statement of responsibility, etc. Sarah Cook.
260 ## - PUBLICATION, DISTRIBUTION, ETC.
Place of publication, distribution, etc. [S.l.] :
Name of publisher, distributor, etc. Gower Publishing Company,
Date of publication, distribution, etc. 1995.
300 ## - PHYSICAL DESCRIPTION
Extent 162 p. ;
Dimensions 24 cm.
500 ## - GENERAL NOTE
General note Hardcover.
856 40 - ELECTRONIC LOCATION AND ACCESS
Materials specified Amazon.com
Uniform Resource Identifier <a href="http://www.amazon.com/exec/obidos/ASIN/0566076330/chopaconline-20">http://www.amazon.com/exec/obidos/ASIN/0566076330/chopaconline-20</a>
856 40 - ELECTRONIC LOCATION AND ACCESS
Materials specified Amazon customer reviews
Uniform Resource Identifier <a href="http://www.chopac.org/cgi-bin/tools/azrev.pl?q=0566076330">http://www.chopac.org/cgi-bin/tools/azrev.pl?q=0566076330</a>
942 ## - ADDED ENTRY ELEMENTS (KOHA)
Institution code [OBSOLETE] NBS
Koha item type Book
Call number prefix 658.562 COO
Holdings
Withdrawn status Lost status Damaged status Not for loan Permanent Location Current Location Date acquired Total Checkouts Full call number Barcode Date last seen Price effective from Koha item type
        Central Library (CL) Central Library (CL) 08/28/2013   658.562 COO NBS5101 08/28/2013 08/28/2013 Book
© 2023 Central Library, National University of Sciences and Technology. All Rights Reserved.